Quantitive technique for Decision Making (Record no. 294)

MARC details
000 -LEADER
fixed length control field 00283nam a22001217a 4500
005 - DATE AND TIME OF LATEST TRANSACTION
control field 20160429143045.0
008 - FIXED-LENGTH DATA ELEMENTS--GENERAL INFORMATION
fixed length control field 160429b xxu||||| |||| 00| 0 eng d
041 ## - LANGUAGE CODE
Language code of text/sound track or separate title eng
082 ## - DEWEY DECIMAL CLASSIFICATION NUMBER
Item number 00910
245 ## - TITLE STATEMENT
Title Quantitive technique for Decision Making
650 ## - SUBJECT ADDED ENTRY--TOPICAL TERM
Topical Term Management
942 ## - ADDED ENTRY ELEMENTS (KOHA)
Koha item type Books
Holdings
Lost status Damaged status Collection code Home library Current library Shelving location Date acquired Full call number Accession Number Koha item type
    MANAGEMENT JRU Library JRU Library SHELF-42-B 29/04/2016 00910 00910 Books